[Event "Corus-B"]
[Site "Wijk aan Zee"]
[Date "2003.01.11"]
[Round "1"]
[White "Rogers, Ian"]
[Black "Jonkman, Harmen"]
[Result "1/2-1/2"]
[WhiteElo "2569"]
[BlackElo "2436"]
[PlyCount "31"]
[EventDate "2003.01.14"]
[Source "ChessBase"]
[SourceDate "2003.04.01"]

1. e4 e5 2. Nf3 Nc6 3. Bc4 Nf6 4. Ng5 d5 5. exd5 Na5 6. d3 h6 7. Nf3 Bd6 8. Nc3 O-O 9. Qe2 Bg4 10. h3 Bxf3 11. gxf3 c6 12. dxc6 Nxc6 13. Be3 Nd4 14. Bxd4 exd4 15. Ne4 Bf4 16. Kf1 1/2-1/2

[Event "XXIV Open"]
[Site "Cappelle La Grande FRA"]
[Date "2008.02.18"]
[Round "4"]
[White "Nabaty, T."]
[Black "Hebden, M."]
[Result "1-0"]
[WhiteElo "2417"]
[BlackElo "2530"]
[PlyCount "91"]
[EventDate "2008.02.16"]
[Source "www.chesslib.no"]
[SourceDate "2004.05.04"]

1. e4 e5 2. Nf3 Nc6 3. Bc4 Nf6 4. Ng5 d5 5. exd5 Na5 6. d3 h6 7. Nf3 e4 8. Qe2 Nxc4 9. dxc4 Bc5 10. Nfd2 O-O 11. Nb3 Bg4 12. Qf1 Bb4+ 13. c3 Bd6 14. Be3 b5 15. h3 Bc8 16. N1d2 bxc4 17. Qxc4 Re8 18. O-O-O Bb7 19. Nf1 Re5 20. Bd4 Bxd5 21. Qe2 Bxb3 22. axb3 Re6 23. Ne3 Qb8 24. Kc2 a5 25. Qc4 Qb7 26. Bxf6 Rxf6 27. Rd2 Re8 28. Ra1 Ra8 29. Qd5 Qxd5 30. Nxd5 Re6 31. Ne3 Bf4 32. Ra4 f5 33. b4 Rea6 34. b5 Rb6 35. c4 c6 36. bxc6 Rab8 37. Rxa5 Rxb2+ 38. Kd1 Rb1+ 39. Ke2 Rc1 40. Rxf5 Bc7 41. Rb5 Ra8 42. Nd5 Rca1 43. Ke3 R8a3+ 44. Kd4 Bd6 45. c7 Ra8 46. Nb6 1-0

[Event "CSR-ch"]
[Site "Prague"]
[Date "1986.??.??"]
[Round "1"]
[White "Trapl, Jindrich"]
[Black "Smejkal, Jan"]
[Result "1/2-1/2"]
[WhiteElo "2340"]
[BlackElo "2550"]
[PlyCount "122"]
[EventDate "1986.06.??"]
[Source "ChessBase"]

1. e4 e5 2. Nf3 Nc6 3. Bc4 Nf6 4. Ng5 d5 5. exd5 Na5 6. d3 h6 7. Nf3 e4 8. Nd4 Bc5 9. Be3 Ng4 10. Bb5+ c6 11. dxc6 O-O 12. cxb7 Nxe3 13. fxe3 Bxb7 14. Nc3 Qh4+ 15. Kf1 Qf6+ 16. Ke2 Rad8 17. Nxe4 Bxe4 18. dxe4 Qg5 19. Kf2 Bxd4 20. exd4 Qxb5 21. b3 Nc6 22. c3 f5 23. Re1 fxe4+ 24. Kg1 Rde8 25. Qe2 Qd5 26. Qe3 Rf6 27. Rad1 Ref8 28. c4 Qa5 29. a4 Rf4 30. d5 Ne5 31. d6 Nd3 32. Rf1 Qh5 33. g3 Rf2 34. h4 Qg4 35. d7 Rxf1+ 36. Rxf1 Rxf1+ 37. Kxf1 Qxd7 38. Qxe4 Nc5 39. Qf3 a5 40. Qa8+ Kh7 41. Qxa5 Qd3+ 42. Kg2 Qc2+ 43. Kh3 Qf5+ 44. Kg2 Qe4+ 45. Kh2 Nxb3 46. Qd5 Qc2+ 47. Kh3 Nd2 48. c5 Ne4 49. Qf5+ Kh8 50. Qc8+ Kh7 51. Qf5+ Kg8 52. Qc8+ Kf7 53. Qf5+ Ke7 54. Qe5+ Kf7 55. Qf5+ Ke7 56. Qe5+ Kd8 57. Qxg7 Nf2+ 58. Kg2 Ng4+ 59. Kh3 Nf2+ 60. Kg2 Ng4+ 61. Kh3 Nf2+ 1/2-1/2

[Event "URS Ch sf"]
[Site "Riga LAT"]
[Date "1972.??.??"]
[Round "?"]
[White "Kupreichik, Viktor D"]
[Black "Kakageldyev, Amanmurad"]
[Result "1/2-1/2"]
[WhiteElo "2440"]
[BlackElo "2395"]
[PlyCount "125"]
[EventDate "1972.??.??"]
[Source "www.chesslib.no"]
[SourceDate "2004.05.04"]

1. e4 e5 2. Nf3 Nc6 3. Bc4 Nf6 4. Ng5 d5 5. exd5 Na5 6. d3 h6 7. Nf3 e4 8. Qe2 Nxc4 9. dxc4 Bc5 10. Nfd2 O-O 11. Nb3 Bg4 12. Qf1 Bd6 13. h3 Bh5 14. Nc3 c6 15. g4 Bg6 16. Be3 cxd5 17. cxd5 a6 18. O-O-O Rc8 19. Qe2 b5 20. Kb1 Qd7 21. Qd2 b4 22. Ne2 Qb5 23. Nbd4 Qxd5 24. Nf5 Qxd2 25. Rxd2 Bc5 26. Bxc5 Rxc5 27. Ne3 h5 28. Nf4 hxg4 29. hxg4 a5 30. b3 Re8 31. Kb2 Rg5 32. Rh4 Bh7 33. a3 Rc5 34. axb4 axb4 35. Rh1 Bg6 36. Rd4 Rb8 37. Ned5 Nxd5 38. Nxd5 f6 39. Ne7+ Kf7 40. Rd7 Ke6 41. Ra7 Rg5 42. Rha1 Re8 43. Nc6 Rxg4 44. Rxg7 f5 45. Nxb4 Kf6 46. Rd7 f4 47. Ra5 Bf7 48. Ra6+ Be6 49. Nd5+ Kf5 50. Rdd6 Bxd5 51. Rxd5+ Re5 52. Rd8 Rg5 53. b4 Kg4 54. c4 Kf3 55. b5 Kxf2 56. b6 e3 57. b7 e2 58. Ra1 Rb5+ 59. cxb5 Rxb5+ 60. Kc2 Rxb7 61. Re8 f3 62. Kd2 Rd7+ 63. Kc2 1/2-1/2

[Event "Ch Russia"]
[Site "Smolensk RUS"]
[Date "1986.??.??"]
[Round "?"]
[White "Vaulin, Alexander"]
[Black "Shtyrenkov, Veniamen"]
[Result "1/2-1/2"]
[WhiteElo "2390"]
[BlackElo "2440"]
[PlyCount "25"]
[EventDate "1986.??.??"]
[Source "www.chesslib.no"]
[SourceDate "2004.05.04"]

1. e4 e5 2. Nf3 Nc6 3. Bc4 Nf6 4. Ng5 d5 5. exd5 Na5 6. d3 h6 7. Nf3 e4 8. Nd4 c6 9. O-O Bg4 10. Qe1 Nxc4 11. dxc4 cxd5 12. Nc3 Bb4 13. a3 1/2-1/2

[Event "I Torneig Int. Ciutat d'Alcúdia"]
[Site "Alcúdia"]
[Date "2003.11.15"]
[Round "1.5"]
[White "Fernandez Romero, Ernesto"]
[Black "Vassallo, Mauricio"]
[Result "1/2-1/2"]
[WhiteElo "2445"]
[BlackElo "2384"]
[PlyCount "49"]
[EventDate "2003.11.15"]
[Source "Roberto Alvarez"]
[SourceDate "2003.12.01"]

1. e4 e5 2. Nf3 Nc6 3. Bc4 Nf6 4. Ng5 d5 5. exd5 Na5 6. d3 h6 7. Nf3 Bd6 8. Nc3 O-O 9. Nd2 Bb4 10. O-O Bxc3 11. bxc3 Nxd5 12. Bxd5 Qxd5 13. c4 Qd7 14. Bb2 Nc6 15. f4 Re8 16. Ne4 Qg4 17. Qd2 Bf5 18. Ng3 e4 19. Qc3 f6 20. d4 b6 21. Rae1 Rad8 22. Ne2 Na5 23. h3 Qg6 24. Kh2 h5 25. d5 1/2-1/2

[Event "Martinez Acosta A"]
[Site "Martinez Acosta A"]
[Date "1995.??.??"]
[Round "?"]
[White "Ivanovskis, Jevgenis"]
[Black "Muttoni, Guillermo Cesar"]
[Result "0-1"]
[WhiteElo "2430"]
[BlackElo "2390"]
[PlyCount "88"]
[EventDate "1995.??.??"]
[Source "www.chesslib.no"]
[SourceDate "2004.05.04"]

1. e4 e5 2. Nf3 Nc6 3. Bc4 Nf6 4. Ng5 d5 5. exd5 Na5 6. d3 h6 7. Nf3 e4 8. Qe2 Nxc4 9. dxc4 Bc5 10. h3 O-O 11. Nh2 c6 12. dxc6 e3 13. fxe3 Ne4 14. O-O Ng3 15. Qf3 Nxf1 16. Nxf1 Qe7 17. Nc3 bxc6 18. Bd2 f5 19. Kh1 Bb7 20. a3 Rad8 21. Ne2 Bb6 22. Nf4 c5 23. Qf2 Qf7 24. b3 Be4 25. Rc1 g5 26. Ne2 Qe6 27. Bc3 Bc7 28. Neg3 Bc6 29. Re1 Be5 30. Bxe5 Qxe5 31. Kg1 Rde8 32. Nh2 g4 33. Nh5 gxh3 34. Nf4 Qg7 35. Nf3 hxg2 36. Kh2 Qg4 37. Nh4 Kh7 38. Nhxg2 Rg8 39. Nh4 Rd8 40. Nd3 Be4 41. b4 cxb4 42. axb4 Rg5 43. Qf4 Bxd3 44. cxd3 Rd4 0-1

[Event "11. Open"]
[Site "?"]
[Date "2005.01.02"]
[Round "1"]
[White "Popa Florin"]
[Black "Godena Michele"]
[Result "0-1"]
[WhiteElo "2216"]
[BlackElo "2554"]
[PlyCount "86"]
[EventDate "2005.??.??"]
[Source "www.chesslib.no"]
[SourceDate "2004.05.04"]

1. e4 e5 2. Nf3 Nc6 3. Bc4 Nf6 4. Ng5 d5 5. exd5 Na5 6. d3 h6 7. Nf3 e4 8. Qe2 Nxc4 9. dxc4 Bc5 10. Nfd2 O-O 11. Nb3 Bg4 12. Qf1 Bb4+ 13. c3 Be7 14. h3 Bh5 15. Be3 c6 16. g4 Bg6 17. dxc6 bxc6 18. N1d2 Qc8 19. Nc5 Re8 20. Ndb3 Nd7 21. Nxd7 Qxd7 22. Qe2 Rab8 23. Bf4 Rbd8 24. Rd1 Qc8 25. O-O Rd3 26. Bg3 Bg5 27. Nc5 Rxd1 28. Rxd1 f5 29. h4 f4 30. hxg5 fxg3 31. fxg3 hxg5 32. b4 e3 33. Kg2 Qc7 34. Rd4 Qe5 35. Nd7 Be4+ 36. Kh2 Qe6 37. Qxe3 Qh6+ 38. Kg1 Qh1+ 39. Kf2 Re7 40. Qe2 Rf7+ 41. Ke3 Bf3 42. Qf2 Re7+ 43. Kd3 Qd1+ 0-1

[Event "17th ch-EU U16 Boys"]
[Site "Sibenik CRO"]
[Date "2007.09.21"]
[Round "8"]
[White "Nabaty, T."]
[Black "Krejci, Jan2"]
[Result "1-0"]
[WhiteElo "2421"]
[BlackElo "2315"]
[PlyCount "75"]
[EventDate "2007.09.14"]
[Source "www.chesslib.no"]
[SourceDate "2004.05.04"]

1. e4 e5 2. Nf3 Nc6 3. Bc4 Nf6 4. Ng5 d5 5. exd5 Na5 6. d3 h6 7. Nf3 e4 8. Qe2 Nxc4 9. dxc4 Bd6 10. Nd4 O-O 11. Be3 Be5 12. Qd2 c5 13. dxc6 bxc6 14. Nxc6 Qxd2+ 15. Nxd2 Bxb2 16. Rb1 Bc3 17. Rb3 Bxd2+ 18. Kxd2 Be6 19. Kc3 a6 20. Rhb1 Kh7 21. Rb8 Bd7 22. Rxf8 Rxf8 23. Rb8 Re8 24. Rxe8 Nxe8 25. Nb8 Bc8 26. Kb4 g5 27. c5 f5 28. c6 f4 29. Bd4 Kg6 30. Kc5 Kf5 31. Nd7 g4 32. Nb6 Be6 33. Nd5 Bxd5 34. Kxd5 h5 35. Bb6 Nf6+ 36. Kd6 Ne8+ 37. Ke7 Nf6 38. c4 1-0

[Event "Vantaa op2"]
[Site "Vantaa"]
[Date "1994.??.??"]
[Round "1"]
[White "Kiltti, Jyrki"]
[Black "Sepp, Olav"]
[Result "0-1"]
[WhiteElo "2240"]
[BlackElo "2485"]
[PlyCount "100"]
[EventDate "1994.??.??"]
[Source "www.chesslib.no"]
[SourceDate "2004.05.04"]

1. e4 e5 2. Nf3 Nc6 3. Bc4 Nf6 4. Ng5 d5 5. exd5 Na5 6. d3 h6 7. Nf3 e4 8. Qe2 Nxc4 9. dxc4 Bd6 10. h3 O-O 11. Nd4 a6 12. Be3 b5 13. Nd2 bxc4 14. Qxc4 Qe8 15. g4 Qe5 16. Nc6 Qxd5 17. Qxd5 Nxd5 18. O-O-O Nxe3 19. fxe3 Re8 20. Nc4 Bg3 21. Rd4 Bh4 22. Rhd1 Bf6 23. R4d2 Be6 24. N6a5 Rab8 25. c3 Rb5 26. Kc2 h5 27. Rg2 hxg4 28. hxg4 Rg5 29. b4 Rxg4 30. Rxg4 Bxg4 31. Rd5 Be2 32. Rc5 Bd3+ 33. Kb3 Bd8 34. Nb7 Bh4 35. Rxc7 Bf2 36. Nbd6 Rf8 37. a4 f5 38. Re7 g5 39. b5 axb5 40. axb5 g4 41. b6 Bxc4+ 42. Kxc4 Bxe3 43. b7 Bf4 44. Nxf5 Rxf5 45. Rxe4 g3 46. Kd3 Bb8 47. c4 Kf8 48. Rg4 Rf7 49. Ke3 Rxb7 50. Kf3 Rg7 0-1

[Event "Capablanca mem-C 13th"]
[Site "Cienfuegos City CUB"]
[Date "1976.05.24"]
[Round "8"]
[White "Triana, Justo"]
[Black "Castro, Oscar H"]
[Result "0-1"]
[WhiteElo "2330"]
[BlackElo "2380"]
[PlyCount "48"]
[EventDate "1976.05.17"]
[Source "www.chesslib.no"]
[SourceDate "2004.05.04"]

1. e4 Nc6 2. Nf3 e5 3. Bc4 Nf6 4. Ng5 d5 5. exd5 Na5 6. d3 h6 7. Nf3 e4 8. dxe4 Nxc4 9. Qd4 Nd6 10. Nbd2 Bg4 11. Ne5 Bh5 12. O-O g6 13. Nd3 Bg7 14. c4 O-O 15. Qe3 Re8 16. f3 Nf5 17. Qe1 Nd4 18. Qd1 Nxe4 19. Nxe4 Rxe4 20. g4 Nxf3+ 21. Qxf3 Rxg4+ 22. Kh1 Rg1+ 23. Kxg1 Bxf3 24. Rxf3 Qe7 0-1

[Event "Zlin-B"]
[Site "Zlin"]
[Date "1995.??.??"]
[Round "?"]
[White "Sosna, Jan"]
[Black "Macieja, Bartlomiej"]
[Result "0-1"]
[WhiteElo "2310"]
[BlackElo "2395"]
[PlyCount "52"]
[EventDate "1995.??.??"]
[Source "ChessBase"]

1. e4 e5 2. Nf3 Nc6 3. Bc4 Nf6 4. Ng5 d5 5. exd5 Na5 6. d3 h6 7. Nf3 e4 8. Qe2 Nxc4 9. dxc4 Bd6 10. h3 O-O 11. Nd4 Be5 12. c3 Bxd4 13. cxd4 b5 14. cxb5 a6 15. Nc3 Re8 16. Qc4 axb5 17. Qxb5 Ba6 18. Qc6 Bd3 19. Bf4 Re7 20. Be5 Ra6 21. Qc5 Rd7 22. Bxf6 Qxf6 23. h4 Qf4 24. Rh3 Rf6 25. Nd1 Qg4 26. f3 Qxg2 0-1

[Event "ROM-ch"]
[Site "Baile Tusnad"]
[Date "2001.02.05"]
[Round "1"]
[White "Manea, Alexandru"]
[Black "Sofronie, Iulian"]
[Result "0-1"]
[WhiteElo "2301"]
[BlackElo "2399"]
[PlyCount "56"]
[EventDate "2001.02.05"]
[Source "ChessBase"]
[SourceDate "2001.03.08"]

1. e4 e5 2. Nf3 Nc6 3. Bc4 Nf6 4. Ng5 d5 5. exd5 Na5 6. d3 h6 7. Nf3 e4 8. dxe4 Nxc4 9. Qd4 Nb6 10. c4 Bb4+ 11. Nbd2 Qe7 12. O-O Bc5 13. Qd3 Nbd7 14. h3 O-O 15. Re1 Ne5 16. Nxe5 Qxe5 17. Nb3 Nd7 18. Nxc5 Nxc5 19. Qe3 b6 20. f4 Qf6 21. Kh2 Re8 22. e5 Qh4 23. Bd2 Bf5 24. Rg1 Ne4 25. g4 Bh7 26. Be1 Qe7 27. Rd1 g5 28. d6 cxd6 0-1

[Event "Krasnodar (Russia)"]
[Site "?"]
[Date "2004.10.??"]
[Round "8"]
[White "Kachko Alexander"]
[Black "Gubajdullin Alexey"]
[Result "0-1"]
[WhiteElo "2223"]
[BlackElo "2449"]
[PlyCount "80"]
[EventDate "2004.??.??"]
[Source "www.chesslib.no"]
[SourceDate "2004.05.04"]

1. e4 e5 2. Nf3 Nc6 3. Bc4 Nf6 4. Ng5 d5 5. exd5 Na5 6. d3 h6 7. Nf3 e4 8. Qe2 Nxc4 9. dxc4 Bc5 10. Nfd2 O-O 11. Nb3 Bg4 12. Qf1 Bb4+ 13. c3 Be7 14. h3 Bh5 15. g4 Bg6 16. Be3 Nd7 17. N1d2 Ne5 18. O-O-O Nd3+ 19. Kb1 c6 20. Nc1 cxd5 21. Nxd3 exd3 22. f4 Be4 23. Nxe4 dxe4 24. Qg2 Re8 25. Bd4 Bh4 26. g5 hxg5 27. Be5 f5 28. Qg1 Rxe5 29. fxe5 Qe7 30. Qe3 Rd8 31. Qxa7 Qxe5 32. Qxb7 e3 33. Qb6 g4 34. Qb5 Qxb5 35. cxb5 e2 36. hxg4 d2 37. gxf5 e1=Q 38. Rhxe1 dxe1=Q 39. Rxe1 Bxe1 40. Kc2 Rd5 0-1

[Event "Dieren op"]
[Site "Dieren"]
[Date "2000.07.19"]
[Round "2"]
[White "Diepeveen, Vincent"]
[Black "Van Beek, Lucien"]
[Result "1-0"]
[WhiteElo "2254"]
[BlackElo "2416"]
[PlyCount "67"]
[EventDate "2000.07.18"]
[Source "ChessBase"]
[SourceDate "2000.09.14"]

1. e4 e5 2. Nf3 Nc6 3. Bc4 Nf6 4. Ng5 d5 5. exd5 Na5 6. d3 Bg4 7. Bb5+ c6 8. dxc6 bxc6 9. f3 cxb5 10. fxg4 Bc5 11. Nc3 O-O 12. Qf3 Qd4 13. Nce4 Nxe4 14. Nxe4 Bb6 15. c3 Qd7 16. Qf5 Qc6 17. Ng5 g6 18. Qf3 f5 19. gxf5 gxf5 20. Qxc6 Nxc6 21. Rf1 Rf6 22. Ne4 Rg6 23. Rxf5 Rxg2 24. Rg5+ Rxg5 25. Bxg5 b4 26. Ke2 Bd8 27. Rg1 Bxg5 28. Rxg5+ Kf7 29. Rf5+ Kg7 30. Rf6 Nd8 31. Ra6 bxc3 32. bxc3 Nf7 33. Ke3 h6 34. Ng3 1-0

[Event "Saint John op-2"]
[Site "Saint John"]
[Date "1988.??.??"]
[Round "?"]
[White "Johnstone, Glenn"]
[Black "Southam, Todd"]
[Result "1-0"]
[WhiteElo "2350"]
[BlackElo "2295"]
[PlyCount "63"]
[EventDate "1988.01.??"]
[Source "ChessBase"]

1. e4 e5 2. Nf3 Nc6 3. Bc4 Nf6 4. Ng5 d5 5. exd5 Na5 6. d3 h6 7. Nf3 e4 8. Qe2 Nxc4 9. dxc4 Bc5 10. Nfd2 O-O 11. Nb3 Bg4 12. Qf1 c6 13. h3 Bh5 14. g4 Bg6 15. Nxc5 Qa5+ 16. Nc3 Qxc5 17. Be3 Qa5 18. O-O-O b5 19. dxc6 b4 20. Nd5 Qxa2 21. Rd4 Kh7 22. b3 Rfd8 23. Kd2 Qa5 24. Qa1 Qc5 25. c7 Rd6 26. Ke2 Nxd5 27. Rxd5 Qxc7 28. Bf4 Rad8 29. Bxd6 Rxd6 30. Qe5 Rc6 31. Qxc7 Rxc7 32. Ke3 1-0

[Event "ARG Cup2"]
[Site "?"]
[Date "2001.??.??"]
[Round "?"]
[White "Torres Alejo"]
[Black "Uralde Oscar"]
[Result "0-1"]
[WhiteElo "2210"]
[BlackElo "2420"]
[PlyCount "98"]
[EventDate "2001.??.??"]
[Source "www.chesslib.no"]
[SourceDate "2004.05.04"]

1. e4 e5 2. Nf3 Nc6 3. Bc4 Nf6 4. Ng5 d5 5. exd5 Na5 6. d3 h6 7. Nf3 e4 8. Qe2 Nxc4 9. dxc4 Bc5 10. c3 b5 11. b4 Be7 12. Nfd2 Bg4 13. Qe3 bxc4 14. O-O Qxd5 15. Re1 Bf5 16. f3 Qd3 17. fxe4 Be6 18. Nf3 O-O 19. Nd4 Bd7 20. Qf3 Bg4 21. Qxd3 cxd3 22. h3 Bd7 23. Re3 c5 24. bxc5 Bxc5 25. Nd2 Rfe8 26. Rxd3 Nxe4 27. Nxe4 Rxe4 28. Kh2 Bd6+ 29. Kg1 Rae8 30. Kf2 Bc5 31. Kg3 Bc8 32. a4 h5 33. Nf3 Bb7 34. Bf4 Rc4 35. a5 Be4 36. Re1 Kf8 37. Bd6+ Bxd6+ 38. Rxd6 Rxc3 39. Kh2 Bxf3 40. Rxe8+ Kxe8 41. gxf3 Rxf3 42. Ra6 g5 43. Rxa7 Ra3 44. a6 Kf8 45. Kg2 Kg7 46. Kh2 Kg6 47. Ra8 Kf5 48. a7 h4 49. Kg1 Kf4 0-1

[Event "Kecskemet Open"]
[Site "Kecskemet HUN"]
[Date "1990.??.??"]
[Round "?"]
[White "Efimov, Igor"]
[Black "Haragos, Kalman"]
[Result "1-0"]
[WhiteElo "2400"]
[BlackElo "2205"]
[PlyCount "95"]
[EventDate "1990.03.??"]
[Source "www.chesslib.no"]
[SourceDate "2004.05.04"]

1. e4 e5 2. Nf3 Nc6 3. Bc4 Nf6 4. Ng5 d5 5. exd5 Na5 6. d3 h6 7. Nf3 Bd6 8. Nc3 O-O 9. h3 e4 10. Nd4 Re8 11. Be3 a6 12. a3 Nxc4 13. dxc4 Qe7 14. Qe2 Bd7 15. Rd1 Rad8 16. Nb3 b6 17. Nd4 Qe5 18. Qd2 Qh5 19. Nc6 Ra8 20. Ne2 Qg6 21. g3 Qh5 22. Ncd4 b5 23. Nf4 Bxf4 24. Bxf4 bxc4 25. Ne2 c6 26. d6 Nd5 27. g4 Qg6 28. Qd4 e3 29. fxe3 Re4 30. Qc5 Rae8 31. Kd2 Nxe3 32. Bxe3 Rxe3 33. Qxe3 Rxe3 34. Kxe3 Qxc2 35. Rd2 Qb3+ 36. Nc3 Qb6+ 37. Kf3 f5 38. Re1 fxg4+ 39. hxg4 h5 40. Re7 Qg1 41. gxh5 Qf1+ 42. Ke3 Qh3+ 43. Kd4 Qxh5 44. Rg2 c5+ 45. Kxc4 Bb5+ 46. Nxb5 axb5+ 47. Kxb5 c4+ 48. Kb4 1-0

[Event "Gausdal Int"]
[Site "Gausdal NOR"]
[Date "1986.??.??"]
[Round "?"]
[White "Stefansson, Hannes H"]
[Black "From, Sigfred"]
[Result "0-1"]
[WhiteElo "2385"]
[BlackElo "2215"]
[PlyCount "46"]
[EventDate "1986.07.??"]
[Source "www.chesslib.no"]
[SourceDate "2004.05.04"]

1. e4 e5 2. Nf3 Nc6 3. Bc4 Nf6 4. Ng5 d5 5. exd5 Na5 6. d3 h6 7. Nf3 e4 8. Ne5 Bd6 9. Bb5+ c6 10. dxc6 O-O 11. d4 Bxe5 12. dxe5 Qxd1+ 13. Kxd1 Ng4 14. cxb7 Bxb7 15. Ke1 a6 16. Be2 Nxe5 17. Bf4 Rae8 18. Na3 Nd3+ 19. cxd3 exd3 20. Be3 dxe2 21. Bc5 Bxg2 22. Rg1 Bf3 23. Bxf8 Rd8 0-1

[Event "XXIV Open"]
[Site "Cappelle La Grande FRA"]
[Date "2008.02.18"]
[Round "3"]
[White "Nabaty, T."]
[Black "Delort, F."]
[Result "1-0"]
[WhiteElo "2417"]
[BlackElo "2182"]
[PlyCount "73"]
[EventDate "2008.02.16"]
[Source "www.chesslib.no"]
[SourceDate "2004.05.04"]

1. e4 e5 2. Nf3 Nc6 3. Bc4 Nf6 4. Ng5 d5 5. exd5 Na5 6. d3 h6 7. Nf3 e4 8. Qe2 Nxc4 9. dxc4 Bc5 10. Nfd2 Bg4 11. f3 Bh5 12. Nxe4 Nxe4 13. Qxe4+ Kf8 14. Kd1 Bg6 15. Qf4 Qd7 16. Re1 Kg8 17. Be3 Bd6 18. Qd4 Qf5 19. Qd2 Re8 20. Nc3 Kh7 21. Ne4 Bxh2 22. Qf2 Rxe4 23. fxe4 Qxe4 24. Rh1 Be5 25. Rh4 Qf5 26. Qxf5 Bxf5 27. Kd2 Bxb2 28. Rf1 Bg6 29. Bd4 Ba3 30. c5 Rd8 31. c4 b6 32. c6 b5 33. Be5 bxc4 34. Bxc7 Rxd5+ 35. Kc3 Be7 36. Rd4 Rg5 37. Bd6 1-0

[Event "AUS Ch"]
[Site "Perth AUS"]
[Date "1978.01.13"]
[Round "15"]
[White "Rogers, Ian"]
[Black "Purdy, John S"]
[Result "1/2-1/2"]
[WhiteElo "2400"]
[BlackElo "2165"]
[PlyCount "89"]
[EventDate "1977.12.??"]
[Source "www.chesslib.no"]
[SourceDate "2004.05.04"]

1. e4 e5 2. Nf3 Nc6 3. Bc4 Nf6 4. Ng5 d5 5. exd5 Na5 6. d3 h6 7. Nf3 e4 8. dxe4 Nxc4 9. Qd4 Nd6 10. Nfd2 Be7 11. c4 O-O 12. O-O b6 13. Nc3 Nd7 14. Nf3 f6 15. Nd2 Nf7 16. Kh1 Nfe5 17. d6 Bxd6 18. Qd5+ Kh8 19. Qxa8 Qe8 20. Nb5 Qh5 21. Nxd6 cxd6 22. f4 Ng4 23. Nf3 f5 24. exf5 Ba6 25. Qc6 Ndf6 26. Kg1 Rc8 27. Qxd6 Bxc4 28. Re1 Bd5 29. h3 Bxf3 30. Be3 Rc2 31. Bd2 Qh4 32. Rf1 Qg3 33. Rxf3 Qh2+ 34. Kf1 Qh1+ 35. Ke2 Qxg2+ 36. Kd1 Rxd2+ 37. Qxd2 Qxf3+ 38. Kc2 Ne3+ 39. Kb3 Nfd5 40. Qd3 Qxf4 41. a3 Qxf5 42. Qxf5 Nxf5 43. Re1 Nf6 44. Kb4 a6 45. a4 1/2-1/2

[Event "Baden Ch MA"]
[Site "Hockenheim GER"]
[Date "1994.??.??"]
[Round "6"]
[White "Pape, Joerg"]
[Black "Hasecic, Sabahudin"]
[Result "1-0"]
[WhiteElo "2220"]
[BlackElo "2340"]
[PlyCount "63"]
[EventDate "1994.??.??"]
[Source "www.chesslib.no"]
[SourceDate "2004.05.04"]

1. e4 e5 2. Nf3 Nc6 3. Bc4 Nf6 4. Ng5 d5 5. exd5 Na5 6. d3 h6 7. Nf3 e4 8. Qe2 Nxc4 9. dxc4 Bd6 10. Nd4 c6 11. Nc3 O-O 12. dxc6 bxc6 13. Be3 Qc7 14. h3 Rb8 15. Nb3 Ba6 16. a3 Be5 17. Na4 Nd5 18. Nac5 Nxe3 19. Nxa6 Qb7 20. Nxb8 Nxg2+ 21. Kf1 Nf4 22. Qxe4 Bxb8 23. Re1 Qc8 24. Nd4 Qa6 25. Qxc6 Qa5 26. Qe4 f5 27. Qe7 Qd2 28. Ne6 Nxe6 29. Qxe6+ Kh7 30. Rg1 Qd4 31. Qg6+ Kg8 32. Re8 1-0

[Event "Politiken Cup"]
[Site "Copenhagen DEN"]
[Date "1984.??.??"]
[Round "1"]
[White "Hartman, Christer"]
[Black "Kovacs, Laszlo M"]
[Result "1/2-1/2"]
[WhiteElo "2210"]
[BlackElo "2345"]
[PlyCount "96"]
[EventDate "1984.??.??"]
[Source "www.chesslib.no"]
[SourceDate "2004.05.04"]

1. e4 e5 2. Nf3 Nc6 3. Bc4 Nf6 4. Ng5 d5 5. exd5 Na5 6. d3 h6 7. Nf3 e4 8. Qe2 Nxc4 9. dxc4 Bd6 10. Nd4 O-O 11. h3 Be5 12. c3 Bxd4 13. cxd4 b5 14. cxb5 a6 15. Nc3 axb5 16. Qxb5 Ba6 17. Qc6 Bd3 18. Bf4 Ne8 19. Rd1 Ra6 20. Qc5 Nd6 21. Rxd3 exd3 22. O-O Re8 23. Rd1 Qd7 24. Rxd3 Re1+ 25. Kh2 Qf5 26. Rf3 Ne4 27. Qe7 Rg6 28. Bg3 Qg5 29. Qxg5 Rxg5 30. Bf4 Rf5 31. Bxc7 Nd2 32. h4 Nxf3+ 33. gxf3 Kf8 34. Kg2 g5 35. Bd6+ Ke8 36. Bg3 gxh4 37. Bxh4 Rf4 38. Bg3 Rxd4 39. d6 Kd7 40. b3 f5 41. Nb5 Rb4 42. Na3 Re2 43. Nc4 Rxc4 44. bxc4 Rxa2 45. Bf4 Rc2 46. Bxh6 Kxd6 47. Bf8+ Ke6 48. c5 Kd5 1/2-1/2

[Event "Memorial V.Doroshkevich (open)"]
[Site "Belorechensk (Russia)"]
[Date "2007.06.06"]
[Round "9"]
[White "Dashko Andrey (RUS)"]
[Black "Shvyriaev Artem (UKR)"]
[Result "1-0"]
[WhiteElo "2359"]
[BlackElo "2190"]
[PlyCount "49"]
[EventDate "2007.??.??"]
[Source "www.chesslib.no"]
[SourceDate "2004.05.04"]

1. e4 e5 2. Nf3 Nc6 3. Bc4 Nf6 4. Ng5 d5 5. exd5 Na5 6. d3 Nxc4 7. dxc4 h6 8. Nf3 e4 9. Nd4 Bg4 10. Ne2 Bc5 11. Nbc3 Qe7 12. h3 Bh5 13. Be3 Bxe3 14. fxe3 Qb4 15. g4 Bg6 16. b3 Rd8 17. Qd2 Nd7 18. O-O-O O-O 19. Nb5 Qc5 20. Qd4 c6 21. Qxc5 Nxc5 22. dxc6 bxc6 23. Rxd8 Rxd8 24. Nxa7 Ra8 25. Nxc6 1-0

[Event "It Open"]
[Site "Rome ITA"]
[Date "1991.??.??"]
[Round "?"]
[White "Fabiano, Giuseppe"]
[Black "Bellia, Fabrizio"]
[Result "1-0"]
[WhiteElo "2210"]
[BlackElo "2320"]
[PlyCount "125"]
[EventDate "1991.??.??"]
[Source "www.chesslib.no"]
[SourceDate "2004.05.04"]

1. e4 e5 2. Nf3 Nc6 3. Bc4 Nf6 4. Ng5 d5 5. exd5 Na5 6. d3 h6 7. Nf3 Nxc4 8. dxc4 e4 9. Nd4 Bd6 10. h3 O-O 11. Be3 c6 12. dxc6 bxc6 13. Nxc6 Qc7 14. Nd4 Qxc4 15. Nd2 Qb4 16. O-O Ba6 17. c4 Qxb2 18. Qa4 Qa3 19. Qxa3 Bxa3 20. Nb5 Bxb5 21. cxb5 Rfc8 22. Rfd1 Nd5 23. Bd4 f5 24. Nf1 Nf4 25. Ng3 g6 26. h4 h5 27. Be3 Nd3 28. Ne2 Be7 29. g3 Bc5 30. Nd4 Rd8 31. Nc2 Rac8 32. a4 Bxe3 33. Nxe3 Rc5 34. Rab1 Rdc8 35. Ra1 Kf7 36. Rdb1 Rb8 37. Rb3 Rb7 38. Rab1 Ke6 39. a5 Kf6 40. f4 Kg7 41. Nd1 Ne1 42. a6 Rb6 43. Nc3 Nf3+ 44. Kh1 Nd2 45. Na4 Nxb3 46. Nxb6 Rxb5 47. Nc4 Nd4 48. Rd1 Nf3 49. Rd7+ Kh6 50. Rxa7 Rc5 51. Ne5 Nxe5 52. fxe5 Rxe5 53. Kg1 Ra5 54. Kf2 g5 55. Ke3 gxh4 56. gxh4 Kg6 57. Ra8 Ra3+ 58. Kf4 Kf6 59. Rf8+ Kg6 60. Ke5 e3 61. Rf6+ Kg7 62. Re6 Rxa6 63. Rxa6 1-0

[Event "Ottawa"]
[Site "?"]
[Date "2003.11.01"]
[Round "2"]
[White "Pacey Kevin"]
[Black "Rousseau Daniel"]
[Result "0-1"]
[WhiteElo "2300"]
[BlackElo "2222"]
[PlyCount "58"]
[EventDate "2003.??.??"]
[Source "www.chesslib.no"]
[SourceDate "2004.05.04"]

1. e4 e5 2. Nf3 Nc6 3. Bc4 Nf6 4. Ng5 d5 5. exd5 Na5 6. d3 h6 7. Nf3 e4 8. Qe2 Bb4+ 9. Bd2 O-O 10. Bxb4 exf3 11. Qxf3 Re8+ 12. Kf1 Bg4 13. Qf4 Be2+ 14. Kg1 Nxc4 15. Qxc4 b5 16. Qd4 a5 17. Bd2 c5 18. Qxc5 Rc8 19. Qxb5 Rxc2 20. h4 Qc7 21. f3 Bxf3 22. Rh3 Bxd5 23. d4 Rc1+ 24. Bxc1 Qxc1+ 25. Kh2 Ng4+ 26. Kg3 Qe3+ 27. Kxg4 Be6+ 28. Qf5 Bxf5+ 29. Kxf5 Qe4# 0-1